[Event "45th Olympiad 2024"]
[Site "Budapest HUN"]
[Date "2024.09.16"]
[Round "6.50"]
[Board "2"]
[White "Ondozi, Murtez"]
[Black "Yee, Soon Wei"]
[Result "1-0"]
[WhiteElo "2371"]
[BlackElo "2219"]
[PlyCount "75"]
[EventDate "2024.09.11"]
[WhiteTeam "Kosovo"]
[BlackTeam "Brunei Darussalam"]
[WhiteTeamCountry "KOS"]

1. d4 {Stohl,Igor} Nf6 2. c4 c5 3. Nf3 cxd4 4. Nxd4 e5 5. Nb5 d5 6. cxd5 Bc5 7. e3 O-O 8. N5c3 ({RR} 8. Bc4 a6 9. N5c3 e4 10. a3 Bd6 11. Nd2 Re8 12. Qc2 Qe7 13. b4 Bf5 14. Bb2 Nbd7 15. Be2 Rac8 16. Qb3 Ne5 17. h3 h5 18. Nc4 Nxc4 19. Bxc4 Nd7 20. Be2 h4 21. Kd2 Qg5 22. g4 hxg3) 8... Qe7 9. Be2 e4 10. a3 ({RR} 10. b3 Rd8 11. Qc2 Bf5 12. Bb2 Nbd7 13. a3 Ne5 14. b4 Nd3+ 15. Bxd3 exd3 16. Qd2 Bb6 17. O-O Rac8 18. Re1 Ng4 19. h3 Ne5 20. e4 Bxh3 21. Qf4 Rd6 22. Nd1 Rg6 23. Bxe5 Rxg2+ 24. Kh1 Rg4) ({RR} 10. Nd2 Rd8 11. Qc2 Bf5 12. O-O Nbd7 13. Nc4 Rac8 14. Rd1 Ne5 15. Nxe5 Qxe5 16. Bd2 Bg4 17. Be1 Bd6 18. Bxg4 Qxh2+ 19. Kf1 Nxg4 20. Qxe4 f5 21. Qf3 Rf8 22. Rac1 Qh1+ 23. Ke2 Nh2 24. Qh3 Qf1+) 10... Rd8 ({RR} 10... a6 11. b4 Ba7 12. Nd2 Bf5 13. Bb2 Rd8 14. Qb3 Nbd7 15. Nc4 Ne8 16. g4 Bg6 17. h4 h6 18. O-O-O Nd6 19. Nxd6 Qxd6 20. Kb1 Ne5 21. h5 Bh7 22. g5 hxg5 23. Rdg1 f6 24. h6 Bg6 25. Ka1) ({RR} 10... a5 11. Nd2 Rd8 12. Qc2 Bf5 13. g4 Bg6 14. h4 h6 15. h5 Bh7 16. g5 hxg5 17. h6 Nbd7 18. hxg7 Rac8 19. Nc4 Ne5 20. Nxe5 Qxe5 21. Bd2 Nxd5 22. Nxd5 Qxd5) 11. b4 Bd6 ({RR} 11... Bb6 12. Bb2 Bf5 13. g4 Be6 14. Qc2 Bxg4 15. Bxg4 Nxg4 16. Nxe4 Nd7 17. Rg1 Nde5 18. Qe2 f5 19. Ng3 Rxd5 20. Nxf5 Qf7 21. Bxe5 Rxe5 22. Qxg4 Rxf5 23. Nd2 Rc8 24. Rd1 Rc6) 12. Bb2 Bf5 ({RR} 12... a5 13. bxa5 ({RR} 13. b5 Nbd7) 13... Be5 14. Qa4 ({RR} 14. O-O Rxa5 15. Bc4 Bxh2+) 14... Na6 ({RR} 14... Qc5 15. Nxe4 Nxe4 16. Bxe5) ({RR} 14... Bd7 15. Qb4) 15. Nd2 ({RR} 15. O-O Nc5 16. Qb4 Bg4 ({RR} 16... Nxd5 17. Nxd5 Rxd5 18. Bxe5 Rxe5)) 15... Nc5 16. Qb4 Bg4 17. Nc4 ({RR} 17. Bxg4 Nd3+) ({RR} 17. f3 exf3 18. gxf3 Nxd5 19. Nxd5 Rxd5 20. fxg4 ({RR} 20. Bxe5 Qxe5) 20... Bxb2 21. Qxb2 Qxe3) 17... Bxc3+ 18. Qxc3 Bxe2 19. Kxe2 Qd7 20. Rhd1 Rac8 21. Kf1 Nd3 22. Qb3 ({RR} 22. Rxd3 exd3 23. Qxd3 ({RR} 23. e4 Qb5 24. Rc1 d2) 23... Qxd5) 22... Qf5 ({RR} 22... Qxd5 23. Bxf6 gxf6 24. Nd2 Qf5 25. f3) 23. Rxd3 ({RR} 23. f3 Nxb2 ({RR} 23... Nxd5 24. Rxd3 exd3 25. e4 Qf4) 24. Nxb2 exf3) 23... exd3 24. Bxf6 Qxf6 ({RR} 24... gxf6 25. Qb4 Rxd5 26. Nb6 Rc2) 25. Rd1 Qa6 26. Nd2 Qxa5 27. e4 {½-½ Timman,J (2620)-Topalov,V (2700) Hoogovens Wijk aan Zee 1996 (8)}) ({RR} 12... Be5 13. Qb3 Nbd7 14. Nd2 Nb6 15. Nc4 ({RR} 15. Rd1 Bf5 16. Nc4 Nxc4 17. Qxc4 Rac8 18. Qb3 a6 19. Na4 Bxb2 20. Qxb2 Rxd5 21. Rxd5 Nxd5 22. O-O Qf6 23. Rc1 Qxb2 24. Rxc8+ Bxc8 25. Nxb2 Nc3 26. Kf1 Be6) 15... Nxc4 16. Bxc4 Bf5 17. Nb5 Bxb2 18. Qxb2 Nxd5 19. Nd4 Qe5 20. Qb3 Bg6 21. Bxd5 Rxd5 22. Rc1 f5 23. Rc5 Bf7 24. Rxd5 Bxd5 25. Qc3 f4) ({RR} 12... Nbd7 13. Nd2 Nb6 14. Qb3 Bf5 15. Rd1 Rac8 16. Nb5) ({RR} 12... a5 13. Nd2 axb4 14. axb4 Rxa1 15. Qxa1 Bxb4 16. O-O Na6 17. Nc4 Bg4 18. Bxg4 Nxg4 19. h3 Nf6 20. Nb6 Ne8 21. Rd1 Nd6 22. Ba3 Qe5 23. Bxb4 Nxb4 24. Qa3 Na6 25. Rd4 f5 26. Nc4 Qf6 27. Qb3 {1-0 Quesada Perez,L (2551)-Espinosa Veloz,E (2500) 59th ch-CUB 2023 (11.4)}) 13. Nd2 Nbd7 14. Nc4 Bb8 $146 ({RR} 14... Ne5 15. Nb5 Nxc4 16. Bxc4 Bxb4+ 17. Kf1 Bc5 18. Qb3 a6 19. Nc3 Rac8 20. Rd1 Rd6 21. Be2 b5 22. h3 h5 23. Rg1 Rcd8 24. g4 hxg4 25. hxg4 Bc8 26. Qc2 b4 27. axb4 Bxb4 28. Rg3 Qc7 29. Rc1 {½-½ Kievelitz,B (2101)-Bubolz,K (2143) Berlin Eckbauer op 13th 2010 (5.2)}) ({RR} 14... Ne5 15. Nxd6 Rxd6 16. O-O Rad8 17. Qb3 a6 18. f3 exf3 19. Bxf3 Bd3 20. Be2 Neg4 21. Rf3 Nxh2 22. Rg3 Bxe2 23. Nxe2 Nhg4 24. Qc3 Rxd5 25. Nd4 Ne4 26. Rxg4 Nxc3) ({RR} 14... Ne5 15. Nxe5 Bxe5 16. Qb3 Bxc3+ 17. Bxc3 Nxd5 18. O-O Nxc3 19. Qxc3 Rac8 20. Qb2 Qe6 21. Rfd1 h6 22. Rxd8+ Rxd8 23. Rd1 Rxd1+ 24. Bxd1 Qd5 25. Qd4 Qxd4 26. exd4 Kf8 27. g4 Be6 28. Kg2 Ke7 29. Kg3 {½-½ Sotnikovich,G (2069)-Murkinson,A Moscow CC Mephi 1st League 2009 (11)}) ({RR} 14... Ne5 15. Nxd6 Rxd6 16. O-O Rad8 17. Qb3 a6 18. f3 exf3 19. Bxf3 Bd3 20. Be2 Neg4 21. Rf3 Nxh2 22. Rg3 Bxe2 23. Nxe2 Nhg4 24. Qc3 Rxd5 25. Nd4 Ne4 26. Rxg4 Nxc3 {0-1 Trapl,J (2410)-Kupka,S (2375) Litomerice 1990 (4)}) 15. d6 Qf8 16. Nd5 Bxd6 17. Nxd6 Qxd6 18. Nxf6+ Nxf6 19. Qxd6 Rxd6 20. Rc1 Bg4 21. f3 Bh5 22. Be5 Re6 23. Bd4 a5 24. b5 exf3 25. gxf3 Nd5 26. Kf2 Rae8 27. Bc4 Rd6 28. Bc5 Rd7 29. Rhd1 Nf6 30. Rxd7 Nxd7 31. Bd4 Nf6 32. Bb3 h6 33. Rc7 a4 34. Bc4 Bg6 35. b6 Rd8 36. Rxb7 Ne8 37. Ra7 Nd6 38. Ba6 1-0

[Event "45th Olympiad 2024"]
[Site "Budapest HUN"]
[Date "2024.09.16"]
[Round "6.50"]
[Board "3"]
[White "Lim Teck Guan, Rodney"]
[Black "Uruci, Endrit"]
[Result "0-1"]
[WhiteElo "1931"]
[BlackElo "2348"]
[PlyCount "116"]
[EventDate "2024.09.11"]
[WhiteTeam "Brunei Darussalam"]
[BlackTeam "Kosovo"]
[BlackTeamCountry "KOS"]

1. d4 Nf6 2. c4 e6 3. Nc3 Bb4 4. Bd2 O-O 5. Nf3 b6 6. e3 Bb7 7. Bd3 d6 8. a3 Bxc3 9. Bxc3 Ne4 10. O-O ({RR} 10. Bxe4 Bxe4 11. O-O Nd7 12. Nd2 Bb7 13. e4 f5 14. Qe2 fxe4 15. Nxe4 Qh4 16. Rae1 Rae8 17. Qd3 d5 18. cxd5 Bxd5 19. f3 a5 20. Re3 Nf6 21. Ng3 c5 22. Re5 c4 23. Qe2 Nd7 24. Re3 Nb8 {½-½ Ter Sahakyan,S (2640)-Oparin,G (2652) PNWCC Online Masters Artist Point 2020 (8)}) ({RR} 10. Qc2 f5 11. O-O Nd7 12. Be1 Ndf6 13. Nd2 Qe8 14. f3 Nxd2 15. Qxd2 Qh5 16. Qf2 g5 17. b4 Kh8 18. a4 a5 19. b5 Rg8 20. Rc1 Raf8 21. d5 g4 22. Qh4 exd5 23. Qxh5 Nxh5 24. Bc3+ Ng7 {0-1 Santos,I (1980)-Korpics,Z (2300) Titled Tue 27th Aug Late 2024 (5)}) 10... Nxc3 11. bxc3 c5 $146 ({RR} 11... Nc6 12. Nd2 Na5 13. Qh5 g6 14. Qh6 Qf6 15. f4 Qg7 16. Qh4 f5 17. Be2 c5 18. Bf3 Rac8 19. Bxb7 Nxb7 20. Rf3 Na5 21. Re1 Qf6 22. Qh6 cxd4 23. Rh3 Rf7 24. exd4 Nxc4 25. Nf3 Re7 26. Ng5 {1-0 Medina Plasencia,S (1952)-Castaner Harster,X (2137) Tenerife-chT Preferente 1516 2015 (6.2)}) 12. Qc2 h6 13. Nd2 Nc6 14. f4 Qe7 15. Rae1 Rae8 16. f5 exf5 17. Bxf5 Na5 18. Bd3 Bc8 19. Bh7+ Kh8 20. Bf5 Bb7 21. Bd3 Ba6 22. d5 Bc8 23. Bf5 Bxf5 24. Rxf5 Qh4 25. g3 Qe7 26. e4 Qd7 27. Ref1 Re7 28. Qd1 f6 29. g4 Rfe8 30. g5 fxg5 31. Rf8+ Rxf8 32. Rxf8+ Kh7 33. Qf3 Nb7 34. e5 Rxe5 35. Rf7 Re7 36. Qe4+ Rxe4 37. Rxd7 Rg4+ 38. Kf2 Na5 39. Rxa7 Nxc4 40. Nxc4 Rxc4 41. Rb7 Rxc3 42. Rxb6 Rxa3 43. Rxd6 Rd3 44. Kg2 g4 45. Kf2 h5 46. Ke2 Rh3 47. Rc6 Rxh2+ 48. Ke3 Rh1 49. Kf4 Rf1+ 50. Kg3 Rf3+ 51. Kg2 Rd3 52. Rxc5 Kg6 53. Rc6+ Kg5 54. d6 Rd2+ 55. Kg1 g3 56. Rc7 Kg4 57. Rxg7+ Kh3 58. Kf1 Rxd6 0-1

[Event "45th Olympiad 2024"]
[Site "Budapest HUN"]
[Date "2024.09.16"]
[Round "6.50"]
[Board "4"]
[White "Asllani, Muhamet"]
[Black "Pg. Shahridin, Ak. Abdul Wafie"]
[Result "0-1"]
[WhiteElo "2191"]
[BlackElo "1912"]
[PlyCount "58"]
[EventDate "2024.09.11"]
[WhiteTeam "Kosovo"]
[BlackTeam "Brunei Darussalam"]
[WhiteTeamCountry "KOS"]

1. d4 f5 2. c4 e6 3. a3 Nf6 4. g3 Be7 ({RR} 4... d5 5. Bg2 c6 6. Nh3 Bd6 7. Nd2 O-O 8. O-O Nbd7 9. e3 Qe7 10. b4 e5 11. dxe5 Bxe5 12. Rb1 Ne4 13. Nxe4 dxe4 14. Nf4 Nb6 15. c5 Bxf4 16. exf4 Nc4 17. Qc2 Be6 18. Re1 Qf7 19. Bf1 {1-0 Ng Mora,J (1779)-Tobar B,J (2002) 17th American Continental 2024 (10.85)}) 5. Bg2 O-O 6. Nc3 d6 7. Nh3 $146 ({RR} 7. Nf3 Qe8 8. O-O Qh5 9. c5 dxc5 10. dxc5 Bxc5 11. b4 Bd6 12. Nb5 Ne4 13. Bb2 Nc6 14. Rc1 a6 15. Nxd6 cxd6 16. a4 e5 17. Nd2 Rf6 18. Nxe4 fxe4 19. b5 axb5 20. axb5 Ne7 21. Rc7 Ng6 {1-0 Miladinovic,I (2607)-Todorovic,J (2381) SRB-ch Vrsac 2007 (11)}) 7... e5 8. dxe5 dxe5 9. Nd5 c6 10. Nxe7+ Qxe7 11. O-O Be6 12. Qc2 h6 13. b3 g5 14. f4 gxf4 15. gxf4 e4 16. e3 Kh7 17. Bb2 Ng4 18. Qc3 Rg8 19. Nf2 Nd7 20. Nxe4 Rg6 21. h3 Ngf6 22. Nxf6+ Nxf6 23. Kh2 Rag8 24. Bf3 Ne4 25. Qc2 Qh4 26. Rg1 Rxg1 27. Rxg1 Rxg1 28. Bg2 Qe1 29. Bd4 Rh1+ 0-1

[Event "45th Olympiad 2024"]
[Site "Budapest HUN"]
[Date "2024.09.16"]
[Round "6.51"]
[Board "1"]
[White "Xie, Felix"]
[Black "Mfune, Petros"]
[Result "1/2-1/2"]
[WhiteElo "2320"]
[BlackElo "1986"]
[PlyCount "66"]
[EventDate "2024.09.11"]
[WhiteTeam "New Zealand"]
[BlackTeam "Malawi"]
[WhiteTeamCountry "NZL"]
[BlackTeamCountry "MWI"]

1. e4 d5 2. exd5 Nf6 3. Bb5+ Nbd7 4. d4 Nxd5 5. Nf3 c6 6. Be2 g6 7. O-O Bg7 8. Re1 O-O 9. c4 Nc7 $146 ({RR} 9... N5b6 10. a4 a5 11. Ra2 e5 12. dxe5 Nxe5 13. Nxe5 Bxe5 14. Qxd8 Rxd8 15. Be3 Bc7 16. Ra3 Be6 17. Rc1 Nxc4 18. Bxc4 Bxc4 19. Nd2 Be6 20. f4 Bd6 21. Raa1 Bb4 22. Nc4 Rd3 23. Kf2 Rad8 24. Bb6 {0-1 Mott,J (1953)-Nielsen,H (2338) Politiken Cup 37th 2015 (4)}) 10. Bf1 e5 11. dxe5 Nxe5 12. Qb3 Nxf3+ 13. Qxf3 Ne6 14. Rd1 Qb6 15. Na3 Nd4 16. Qf4 Bf5 17. c5 Qxc5 18. Be3 Rad8 19. Nc4 b5 20. Na5 Qb4 21. Nb3 c5 22. Bd2 Qa4 23. Nxc5 Ne6 24. Nxe6 Bxe6 25. Qb4 Qc2 26. Rac1 Qxb2 27. Qxb2 Bxb2 28. Rc2 Bd4 29. Bxb5 Bf5 30. Rcc1 Bb2 31. Rc7 Be5 32. Rcc1 Bb2 33. Rc7 Be5 1/2-1/2

[Event "45th Olympiad 2024"]
[Site "Budapest HUN"]
[Date "2024.09.16"]
[Round "6.51"]
[Board "2"]
[White "Mwale, Joseph"]
[Black "Middelburg, Tom"]
[Result "0-1"]
[WhiteElo "2063"]
[BlackElo "2355"]
[PlyCount "76"]
[EventDate "2024.09.11"]
[WhiteTeam "Malawi"]
[BlackTeam "New Zealand"]
[WhiteTeamCountry "MWI"]
[BlackTeamCountry "NZL"]

1. Nf3 Nf6 2. g3 b5 3. Bg2 Bb7 4. a4 b4 5. c4 ({RR} 5. d4 e6 6. c4 Be7 7. a5 Na6 8. O-O O-O 9. Nbd2 c5 10. e3 Rc8 11. b3 d5 12. Bb2 cxd4 13. exd4 dxc4 14. bxc4 Nb8 15. Qe2 Ba6 16. Ne5 Nfd7 17. Nd3 Nc6 18. Ra4 Nf6 19. Bxc6 Rxc6 {0-1 Khubukshanov,E (2377)-Shubin,K (2440) TCh-RUS Blitz 2023 (4.11)}) ({RR} 5. d3 g6 6. e4 Bg7 7. O-O O-O 8. Re1 c5 9. Nbd2 Nc6 10. Nc4 Ne8 11. Be3 d6 12. Qd2 Nc7 13. Bh6 e5 14. c3 Ba6 15. Bxg7 Kxg7 16. Ne3 Ne6 17. Nh4 Kh8 18. Nd5 Rb8 19. Nf3 f6 {0-1 Leiva,G (2394)-Fedoseev,V (2687) Titled Tue 16th Jul Late 2024 (4)}) ({RR} 5. a5 a6 6. d4 e6 7. Nbd2 c5 8. c3 d6 9. Nc4 Nbd7 10. dxc5 Nxc5 11. cxb4 Nce4 12. Nb6 Rb8 13. Qa4+ Nd7 14. O-O Qc7 15. Nd4 Ke7 16. Be3 Nxb6 17. axb6 Qd7 18. Rfc1 Qxa4 19. Rxa4 Kd7 {1-0 Maltsevskaya,A (2392)-Vifleemskaia,S (1942) Swiss Queens Wed #16 2024 (5.159)}) 5... e6 6. d4 c5 $146 7. d5 exd5 8. Nh4 g6 9. cxd5 Bg7 10. O-O O-O 11. e4 d6 12. Re1 Re8 13. Nd2 Ba6 14. e5 dxe5 15. d6 Nbd7 16. Bxa8 Qxa8 17. Qc2 Qd5 18. Nf1 Bd3 19. Qd1 e4 20. Bf4 Nh5 21. Ne3 Qe6 22. f3 Nxf4 23. gxf4 Bxb2 24. fxe4 Bxe4 25. f5 Qf6 26. fxg6 hxg6 27. Ra2 Bd4 28. Qg4 Qxd6 29. Rf2 Nf6 30. Qg5 Qe5 31. Qxe5 Rxe5 32. Nhg2 Bxg2 33. Rxf6 Rxe3 34. Rxe3 Bxe3+ 35. Kxg2 b3 36. Rc6 Kg7 37. Rc7 Bd2 38. Rxc5 a5 0-1

[Event "45th Olympiad 2024"]
[Site "Budapest HUN"]
[Date "2024.09.16"]
[Round "6.51"]
[Board "3"]
[White "Renjith, Sravan"]
[Black "Chipanga, Chiletso"]
[Result "1-0"]
[WhiteElo "2325"]
[BlackElo "2089"]
[PlyCount "125"]
[EventDate "2024.09.11"]
[WhiteTeam "New Zealand"]
[BlackTeam "Malawi"]
[WhiteTeamCountry "NZL"]
[BlackTeamCountry "MWI"]

1. e4 c5 2. Nf3 Nc6 3. d3 Qc7 4. g3 g6 5. Bg2 Bg7 6. O-O Nf6 7. Re1 d6 8. c3 O-O 9. h3 e5 ({RR} 9... Bd7 10. Bg5 h6 11. Be3 Kh7 12. Nbd2 {½-½ Vajda,L (2577)-Czebe,A (2477) Harkany Tenkes Cup 28th 2004 (9)}) ({RR} 9... b5 10. d4 cxd4 11. Nxd4 Nxd4 12. cxd4 Bb7 13. a3 a5 14. Nc3 b4 15. Na4 d5 16. Bf4 Qd8 17. Nc5 Bc6 18. e5 Nd7 19. Rc1 Rc8 20. axb4 axb4 21. Qb3 e6 22. Qxb4 Rb8 23. Qc3 Nxc5 24. Qxc5 {1-0 Guerrero,A (2123)-Descarrega Zacarias,V (1828) Florianopolis op 8th 2022 (2)}) 10. Nbd2 h6 $146 ({RR} 10... Be6 11. Nf1 Rab8 12. Be3 b5 13. Qd2 Rfe8 14. Bh6 Bh8 15. Ng5 b4 16. Nxe6 fxe6 17. c4 Bg7 18. Be3 Rb7 19. b3 a5 20. Nh2 a4 21. Rab1 Ra8 22. g4 Rba7 23. g5 Ne8 24. Qd1 axb3 25. axb3 {0-1 Arquint,A-Eschmann,P Zuerich op-B 20th 1996}) 11. Nf1 Be6 12. Be3 b6 13. d4 Na5 14. d5 Bd7 15. Qc2 Nh7 16. Qc1 h5 17. Bh6 f5 18. exf5 Bxf5 19. Nh4 Bd3 20. Qd2 c4 21. Be4 Bxe4 22. Rxe4 Bxh6 23. Qxh6 Rf6 24. Qd2 Raf8 25. Re2 Nb7 26. Qe3 g5 27. Ng2 Nc5 28. Nd2 b5 29. Rf1 Qd7 30. Kh2 Rh6 31. b3 cxb3 32. axb3 Rhf6 33. b4 Na4 34. Ne1 Rg6 35. Qd3 Kg7 36. Ng2 Rgf6 37. Ne4 Rf3 38. Re3 R3f5 39. Qe2 Nb6 40. Rd3 Kh6 41. g4 hxg4 42. hxg4 R5f7 43. Rh3+ Kg7 44. Ne3 Kg8 45. Rh6 Nc4 46. Nxc4 bxc4 47. Rxd6 Qc8 48. Rg6+ Rg7 49. Rxg7+ Kxg7 50. Nd6 Qd8 51. Qxe5+ Qf6 52. Nxc4 Rc8 53. Qe4 Qxc3 54. Ne5 Qc2 55. Qd4 Nf6 56. Qxa7+ Rc7 57. Qe3 Qh7+ 58. Kg1 Qh4 59. Qd4 Kg8 60. d6 Rd7 61. Nxd7 Nxd7 62. Re1 Nf6 63. d7 1-0

[Event "45th Olympiad 2024"]
[Site "Budapest HUN"]
[Date "2024.09.16"]
[Round "6.51"]
[Board "4"]
[White "Kamwendo Precious"]
[Black "Gong, Daniel Hanwen"]
[Result "0-1"]
[WhiteElo "2001"]
[BlackElo "2240"]
[PlyCount "60"]
[EventDate "2024.09.11"]
[WhiteTeam "Malawi"]
[BlackTeam "New Zealand"]
[WhiteTeamCountry "MWI"]
[BlackTeamCountry "NZL"]

1. Nf3 d5 2. c4 c6 3. cxd5 cxd5 4. g3 Nc6 5. d4 ({RR} 5. e3 Nf6 6. Bg2 Bf5 7. a3 e6 8. O-O h6 9. Nc3 Be7 10. b4 O-O 11. Bb2 Bd3 12. Re1 Rc8 13. Bf1 Bxf1 14. Rxf1 Nd7 15. Rc1 a6 16. Qb3 Nb6 17. d3 Bf6 18. Na4 Nxa4 19. Bxf6 Qxf6 {0-1 Iemtsev,N-Seletsky,G (2217) Vadim Malakhatko Mem 2023 (3)}) 5... Bf5 6. Nc3 e6 7. Bg2 $146 ({RR} 7. a3 h6 8. Bg2 Nf6 9. O-O Be7 10. e3 O-O 11. Qe2 Na5 12. Nd2 Rc8 13. f3 Bg6 14. Qf2 Qb6 15. Re1 Rfd8 16. Bf1 a6 17. Na4 Qc6 18. Nc5 Bxc5 19. dxc5 Qxc5 20. b4 Qc3 21. Ra2 Nb3 {0-1 Klett,T (1766)-Daeubler,H (2180) Bad Woerishofen op 19th 2003 (1)}) 7... h6 8. O-O Nf6 9. Qa4 Bd6 10. a3 O-O 11. b4 Rc8 12. Bb2 Ne4 13. Rac1 a5 14. b5 Ne7 15. Nxe4 Bxe4 16. Nd2 Bg6 17. Rc3 Rxc3 18. Bxc3 b6 19. Rc1 Qd7 20. Qb3 Rc8 21. f3 Nf5 22. Qb2 Qe7 23. Ra1 Ne3 24. a4 Nc2 25. Ra2 Qc7 26. Nb1 Bb4 27. Bd2 Qc4 28. e3 Qe2 29. Bf1 Qxf3 30. Qb3 Be4 0-1

[Event "45th Olympiad 2024"]
[Site "Budapest HUN"]
[Date "2024.09.16"]
[Round "6.52"]
[Board "1"]
[White "Van Bemmelen, Ursus"]
[Black "Arab, Adlane"]
[Result "0-1"]
[WhiteElo "2146"]
[BlackElo "2477"]
[PlyCount "96"]
[EventDate "2024.09.11"]
[WhiteTeam "Netherlands Antilles"]
[BlackTeam "Algeria"]
[WhiteTeamCountry "AHO"]
[BlackTeamCountry "ALG"]

1. d4 {Notkin,Maksim} Nf6 2. Nf3 e6 3. g3 b6 4. Bg2 Bb7 5. O-O Be7 6. c4 O-O 7. Nc3 Na6 8. a3 d5 9. Ne5 c5 10. cxd5 exd5 11. Bf4 Ne4 ({RR} 11... Nc7 12. dxc5 bxc5 13. Nc4 Rb8 14. Bxc7 Qxc7 15. Nxd5 Bxd5 16. Bxd5 Rfd8 ({RR} 16... Rbd8 17. e4 Nxe4) 17. e4 Nxd5 18. exd5 Qb7 19. Na5 Qxd5 20. Qxd5 Rxd5 21. Nc6 Rb7 22. Rad1 Rxd1 23. Nxe7+ Kf8 24. Rxd1 Kxe7) 12. Rc1 $146 ({RR} 12. Nxe4 dxe4 13. dxc5 Nxc5 14. Qc2 Rc8 ({RR} 14... Rc8 15. Rfd1 Qe8 16. Bh3 Ne6 ({RR} 16... Rd8 17. b4 Ne6 18. Bxe6 fxe6 19. Qc7 Bd5 20. Qxa7 Bf6 21. Qc7 Qh5 22. e3 Rc8 23. Qd6 Rcd8 ({RR} 23... Rfd8 24. g4 Qh4 25. Qxb6) 24. Qc7 Rc8 25. Qd6 Rcd8) 17. Qb3 Nxf4 18. gxf4 e3 19. Bd7 exf2+ 20. Kf1 Qd8 21. Bxc8 Qxc8 22. Rd7) 15. Rfd1 Qe8 16. Bh3 Ne6 17. Qb3 Nxf4 18. gxf4 e3 19. Bd7 exf2+ 20. Kf1 Qd8 21. Bxc8 Qxc8 22. Rd7 Bc5 23. Rxf7 Rxf7 24. Rd1 h6 25. Qxf7+ Kh7 26. Qg6+ Kg8 {1-0 Vaganian,R (2570)-Gulko,B (2575) Zonal Lvov 1978 (5)}) ({RR} 12. dxc5 Nxc3 13. bxc3 Nxc5 14. Qc2 Qc8 15. Rfd1 Rd8 16. h4 Qe6 17. Nf3 Qg6 18. Qxg6 hxg6 19. Bc7 Re8 20. Be5 Ne4 21. Bh3 Ba6 22. Rxd5 Bxe2 23. Bg2 Bf6 24. Bxf6 gxf6 25. Rd7 Nxc3 26. Nd4 Bg4 {0-1 Szotkowski,J (2240)-Babula,V (2545) CZE-chT 1415 2014 (4.5)}) ({RR} 12. Nxe4 dxe4 13. dxc5 Nxc5 14. Qc2 g5 15. Bd2 Qd5 16. Bc3 f6 17. Ng4 Qe6 18. f3 f5 19. Nf2 e3 20. Nd3 Nxd3 21. Qxd3 Rad8 22. Qc2 f4 23. gxf4 gxf4 24. Kh1 Bf6 25. Rg1 Kh8 26. Rad1 Bd5 {1-0 Manin,V-Ruderfer,M (2400) Khodzhaev Memorial-07 1978}) ({RR} 12. Nxe4 dxe4 13. dxc5 Nxc5 14. Qc2 a5 15. Rad1 Qc8 ({RR} 15... Qe8 16. b4) 16. b4 axb4 17. axb4 Ne6 18. Qb3 ({RR} 18. Qxc8 Rfxc8 19. Rd7 Rc7 20. Rfd1 ({RR} 20. Rxc7 Nxc7 21. Nd7 Nd5) 20... Rac8 ({RR} 20... Rd8 21. Rxd8+ Bxd8 22. Bh3 Bf6 23. Bxe6 fxe6 24. Nd7) 21. Bh3 Bxb4 ({RR} 21... Ba6) 22. Rxf7) 18... Ba6 ({RR} 18... Rd8 19. Rc1) ({RR} 18... Nxf4 19. gxf4) 19. Rd7 ({RR} 19. b5 Nc5) ({RR} 19. Rfe1 Nxf4 20. gxf4 Qe6 21. Qxe6 fxe6 22. Bxe4 ({RR} 22. Nc6 Bh4) 22... Bxb4) ({RR} 19. Bxe4 Nxf4 ({RR} 19... Bxe2 20. Rc1 Qa6 21. Nxf7) 20. gxf4 Bxe2 21. Rc1 Qe6 ({RR} 21... Qa6 22. Bxa8 Bxf1 23. Bd5) 22. Bd5 ({RR} 22. Qxe6 fxe6 23. Rfe1 Ra2 24. Bc2 Bh5 25. Bb3 Rd2 26. Bxe6+ Kh8) 22... Qf5 23. Rfe1 Bh5 24. Bxa8 Rxa8 25. Nc6) ({RR} 19. Rc1 Nxf4 ({RR} 19... Qb7 20. b5) ({RR} 19... Nd4 20. Rxc8 Nxb3 21. Rxa8 Rxa8 22. Bxe4 Rc8 23. Nc6 Bf6 24. Rb1 Bc4) ({RR} 19... Qe8 20. Be3 Bxe2 21. Rfe1 Qb5 22. Nc6 Bf6 23. Bxe4) 20. Rxc8 Nxe2+ 21. Kh1 Raxc8 22. b5) 19... Bf6 20. Rc1 ({RR} 20. Rd6 Nxf4 21. gxf4 Bxe5 22. fxe5 Bxe2 23. Re1 Bc4 24. Qe3 b5) 20... Nxf4 21. Rxc8 Nxe2+ 22. Kh1 Bxc8 ({RR} 22... Raxc8 23. b5 ({RR} 23. Nxf7 Rc1+ 24. Bf1 Bc4) ({RR} 23. Rxf7 Rc1+ 24. Bf1 Rxf1+ 25. Kg2 Rg1+ 26. Kh3 Bc8+ 27. Rd7+ Kh8) 23... Rc1+ 24. Rd1 Rxd1+ 25. Qxd1 Bxb5 26. Qb3) 23. Rd1 ({RR} 23. Rxf7 Ra1+ 24. Bf1 Rxf1+ 25. Kg2 Rg1#) ({RR} 23. Nxf7 Ra1+ 24. Rd1 Be6) 23... Bxe5 24. Qd5 Nc3 25. Qxa8 Nxd1 26. Qd5 Nxf2+ {0-1 Gavrikov,V (2365)-Kengis,E URS U26-ch Riga 1980}) 12... Nxc3 13. Rxc3 Bf6 14. h4 Re8 15. e3 Nc7 16. b4 Nb5 17. Rc1 cxd4 18. exd4 Rc8 19. Qd3 Nc7 20. Bh3 Ne6 21. Bxe6 Rxe6 22. Rxc8 Bxc8 23. Rc1 Bxe5 24. Bxe5 f6 25. Bf4 Re7 26. Qc3 Ba6 27. Re1 Be2 28. Be3 Bf3 29. Bf4 Rxe1+ 30. Qxe1 Qd7 31. Qc3 Qg4 32. Qe3 h6 33. Kf1 Qh3+ 34. Ke1 Qh1+ 35. Kd2 Qd1+ 36. Kc3 Qa1+ 37. Kd2 Qd1+ 38. Kc3 Be4 39. Qd2 Qb1 40. Be3 a5 41. bxa5 bxa5 42. Qc1 Qa2 43. Qb2 Qc4+ 44. Kd2 Qd3+ 45. Ke1 Bf3 46. Qd2 Qxa3 47. Qc1 Qd3 48. Qd2 Qc4 0-1

[Event "45th Olympiad 2024"]
[Site "Budapest HUN"]
[Date "2024.09.16"]
[Round "6.52"]
[Board "2"]
[White "Djabri, Massinas"]
[Black "Capella, Rurik"]
[Result "1-0"]
[WhiteElo "2280"]
[BlackElo "1971"]
[PlyCount "49"]
[EventDate "2024.09.11"]
[WhiteTeam "Algeria"]
[BlackTeam "Netherlands Antilles"]
[WhiteTeamCountry "ALG"]
[BlackTeamCountry "AHO"]

1. d4 g6 2. c4 Bg7 3. e4 Nc6 4. Nf3 e5 5. d5 Nd4 6. Nxd4 exd4 7. Bd3 d6 8. O-O Nh6 ({RR} 8... Nf6 9. b3 c5 10. dxc6 bxc6 11. Ba3 O-O 12. e5 dxe5 13. Bxf8 Qxf8 14. Nd2 Ne8 15. Qf3 Bd7 16. Qe2 f5 17. f3 c5 18. Rfe1 Nd6 19. a3 Bc6 20. b4 cxb4 21. axb4 e4 22. fxe4 fxe4 23. Nxe4 {0-1 Bilciu,C (2077)-Poddubnyi,V (2304) Titled Tue 9th Jan Early 2024 (11)}) 9. Nd2 $146 ({RR} 9. Na3 c5 10. Bf4 f6 11. Qd2 Nf7 12. Rab1 O-O 13. b4 b6 14. Nb5 a6 15. Na3 Qc7 16. bxc5 bxc5 17. Qb2 Ne5 18. Bxe5 fxe5 19. Qb6 Qxb6 20. Rxb6 Rd8 21. Rfb1 Bf8 22. Be2 Be7 23. Kf1 h5 {0-1 Gerdes,H-Schatz,W Bayern-ch Seniors 06th 1994 (2)}) ({RR} 9. h3 O-O 10. Nd2 c5 11. Nf3 a6 12. Re1 f6 13. b4 b6 14. Rb1 Bd7 15. Nh2 Qc7 16. Bd2 Nf7 17. f4 Rfe8 18. Nf3 Rab8 19. Qe2 f5 20. Qf2 fxe4 21. Rxe4 Rxe4 22. Bxe4 cxb4 23. Nxd4 Qxc4 {½-½ Schulenburg,B-Schlaeger,U BL2-Nord 9293 1992 [7]}) ({RR} 9. h3 O-O 10. Nd2 f5 11. Nf3 f4 12. Re1 c5 13. dxc6 bxc6 14. c5 dxc5 15. b3 Be6 16. Qc2 g5 17. Qxc5 Nf7 18. Bc4 Bxc4 19. Qxc4 Kh8 20. Ba3 c5 21. e5 Qa5 22. Bxc5 {1-0 Flores,D (2440)-Restuccia,F (2239) Chesspangenberg op 1st 2003 (7)}) 9... O-O 10. Nf3 Bg4 11. h3 Bxf3 12. Qxf3 f5 13. Bxh6 fxe4 14. Qxe4 Bxh6 15. Qxd4 Rf4 16. Qe3 Qf8 17. Rae1 Qg7 18. Re2 b6 19. g3 Rf7 20. f4 g5 21. fxg5 Bxg5 22. Qe6 Raf8 23. Ref2 h5 24. Bg6 Kh8 25. Rxf7 1-0